000 00465nam a2200157Ia 4500
008 240126s9999 xx 000 0 und d
041 _aEnglish
082 _aLIBRARY-X
245 0 _aInternational Journal of Management and International Business Research (2012 -
260 _bGlobal Research Publications
_aNew Delhi
440 _aNULL
500 _aPeer Reviewed
650 _aManagement
650 _aManagement,Business,(2012,-,Management
942 _cJN
999 _c269272
_d269272